Normal view
MARC view
- Collado Andón, Rolando
Entry Nombre Personal
001 - NUMERO DE CONTROL
- campo de control: 50450
003 - IDENTIFICADOR DE NUMERO DE CONTROL
- campo de control: MX-MxUPN
005 - FECHA Y HORA DE LA ÜLTIMA TRANSACCIÓN
- campo de control: 20231026105252.0
008 - DATOS DE LONGITUD FIJA
- campo de control de longitud fija: 231026nn acnnnaabn a aaa d
040 ## - FUENTE DE CATALOGACIÓN
- Agencia original de catalogación: MX-MxUPN
- Lenguaje de catalogación: spa
100 1# - ENCABEZAMIENTO - NOMBRE PERSONAL
- Nombre personal: Collado Andón, Rolando
400 1# - VEÁSE - NOMBRE DE PERSONA
- Personal name: Andón, Rolando Collado
670 ## - FUENTE EN LA QUE SE LOCALIZARON DATOS
- Cita de la fuente: Salud mental y enfermedad mental en América Latina, 1982 :
- Información localizada: portada (Rolando Collado Andón)
902 ## - CATALOGADOR
- Catalogador: VíctorGodínez/261023
